Normal view MARC view
  • MULTIVARIATE DATA ANALYSIS

Entry Topical Term

Number of records used in: 1

001 - CONTROL NUMBER

  • control field: 68064

003 - CONTROL NUMBER IDENTIFIER

  • control field: NUST

005 - DATE AND TIME OF LATEST TRANSACTION

  • control field: 20210628203950.0

008 - FIXED-LENGTH DATA ELEMENTS

  • fixed length control field: 210628|| aca||aabn | a|a d

040 ## - CATALOGING SOURCE

  • Original cataloging agency: NUST
  • Transcribing agency: NUST

150 ## - HEADING--TOPICAL TERM

  • Topical term or geographic name entry element: MULTIVARIATE DATA ANALYSIS

670 ## - SOURCE DATA FOUND

  • Source citation: Work cat.: (NUST): Hair, Joseph F, Black, William C, Babin, Barry J 68063, Multivariate data analysis, a global perspective, 2013
© 2023 Central Library, National University of Sciences and Technology. All Rights Reserved.